| 000 | 00961nam a2200253 a 4500 | ||
|---|---|---|---|
| 001 | 53676 | ||
| 003 | BD-RjUL | ||
| 005 | 20211209080012.0 | ||
| 008 | 161023s1939 ii ||||| |||| 00| 0 ben d | ||
| 035 | _a(BD-RjUL)53798 | ||
| 040 |
_aBD-RjUL _bben _cBD-RjUL |
||
| 041 | _aben | ||
| 082 |
_223 _a891.44092 _bBAG 1939 |
||
| 100 |
_aবসু, দেবেন্দ্রনাথ _9160416 |
||
| 245 | 1 | 0 |
_aগিরিশচন্দ্র / _cদেবেন্দ্রনাথ বসু |
| 260 |
_aকলিকাতা : _bকলিকাতা বিশ্ববিদ্যালয় / _c১৯৩৯ |
||
| 300 |
_a[৮], ১০২ পৃ. ; _c২২ সেমি. |
||
| 500 | _aGirischandra Ghosh Lectures, 1933 | ||
| 600 |
_aগিরিশচন্দ্র _d১৮৪৪-১৯১২ _9160417 |
||
| 600 |
_aGirischandra _d1844-1912 _9160418 |
||
| 650 |
_aআত্মজীবনী _9121011 |
||
| 650 |
_aAutobiography _9160419 |
||
| 942 |
_2ddc _cBK |
||
| 999 |
_c53676 _d53676 |
||